Name the Countries by the Number of Spits - Statistics

General Stats
  • This quiz has been taken 6 times
  • The average score is 11 of 19
Answer Stats
Hint Answer % Correct
6 Australia
100%
12 United Kingdom
100%
16 United States of America
100%
10 Canada
83%
5 China (Hong Kong)
83%
1 Denmark
83%
16 Russia
83%
2 New Zealand
67%
2 Spain
67%
3 Ireland
50%
1 Lithuania
50%
1 Poland
50%
2 Turkey
50%
1 Croatia
33%
1 Pakistan
33%
46 Ukraine
33%
3 Brunei
17%
1 Jamaica
17%
2 Singapore
17%
No matching quizzes found
Score Distribution
Percent of People with Each Score
Percentile by Number Answered
Your Score History
You have not taken this quiz